Detalles MARC
| 000 -LEADER |
| fixed length control field |
01023nam a2200349 a 4500 |
| 001 - CONTROL NUMBER |
| control field |
000044431 |
| 003 - CONTROL NUMBER IDENTIFIER |
| control field |
DO-SdBNP |
| 005 - DATE AND TIME OF LATEST TRANSACTION |
| control field |
20171016105536.0 |
| 007 - PHYSICAL DESCRIPTION FIXED FIELD--GENERAL INFORMATION |
| fixed length control field |
000044431 |
| 008 - FIXED-LENGTH DATA ELEMENTS--GENERAL INFORMATION |
| fixed length control field |
140630s2009 dr a 000 0 spa d |
| 020 ## - INTERNATIONAL STANDARD BOOK NUMBER |
| International Standard Book Number |
9789945111828 |
| 040 ## - CATALOGING SOURCE |
| Original cataloging agency |
BPMSU |
| Language of cataloging |
spa |
| Transcribing agency |
BPMSU |
| 082 04 - DEWEY DECIMAL CLASSIFICATION NUMBER |
| Classification number |
RD863.44 |
| Item number |
D249m |
| 100 1# - MAIN ENTRY--PERSONAL NAME |
| Personal name |
David, León |
| 245 10 - TITLE STATEMENT |
| Title |
Margarita y la nube / |
| Statement of responsibility, etc. |
León David ; ilustraciones Verouschka Freixas. |
| 260 ## - PUBLICATION, DISTRIBUTION, ETC. (IMPRINT) |
| Place of publication, distribution, etc. |
Santo Domingo : |
| Name of publisher, distributor, etc. |
Santillana, |
| Date of publication, distribution, etc. |
2007. |
| 300 ## - PHYSICAL DESCRIPTION |
| Extent |
45 p. : |
| Other physical details |
il ; |
| Dimensions |
23 cm. |
| 490 1# - SERIES STATEMENT |
| Series statement |
Afaguara infantil |
| 650 #4 - SUBJECT ADDED ENTRY--TOPICAL TERM |
| Topical term or geographic name as entry element |
CUENTOS DOMINICANOS |
| 650 #4 - SUBJECT ADDED ENTRY--TOPICAL TERM |
| Topical term or geographic name as entry element |
POESÍA DOMINICANA |
| 650 #4 - SUBJECT ADDED ENTRY--TOPICAL TERM |
| Topical term or geographic name as entry element |
LITERATURA DOMINICANA |
| 700 1# - ADDED ENTRY--PERSONAL NAME |
| Personal name |
Freixas, Verouschka |
| Relator term |
il. |
| 830 #0 - SERIES ADDED ENTRY--UNIFORM TITLE |
| Name of part/section of a work |
Alfaguara infantil |
| 910 ## - USER-OPTION DATA (OCLC) |
| User-option data |
Validado. Control de calidad MFF |
| 930 #1 - EQUIVALENCE OR CROSS-REFERENCE-UNIFORM TITLE HEADING [LOCAL, CANADA] |
| Language of a work |
|
| Medium of performance for music |
|
| Field link and sequence number |
|
| Date of a work |
|
| Name of part/section of a work |
|
| Miscellaneous information |
|
| 930 #1 - EQUIVALENCE OR CROSS-REFERENCE-UNIFORM TITLE HEADING [LOCAL, CANADA] |
| Language of a work |
|
| Medium of performance for music |
|
| Field link and sequence number |
|
| Date of a work |
|
| Name of part/section of a work |
|
| Miscellaneous information |
|
| Medium |
|
| 942 ## - ADDED ENTRY ELEMENTS (KOHA) |
| Source of classification or shelving scheme |
Dewey Decimal Classification |
| Koha item type |
Libros |
| 945 ## - LOCAL PROCESSING INFORMATION (OCLC) |
| a |
Inventariado infantil / 2017 VM |
| 956 ## - LOCAL ELECTRONIC LOCATION AND ACCESS (OCLC) |
| Host name |
|
| Access number |
|
| Compression information |
|
| Logon |
|
| Processor of request |
|
| 956 ## - LOCAL ELECTRONIC LOCATION AND ACCESS (OCLC) |
| Host name |
|
| Access number |
|
| Compression information |
|
| Logon |
|
| Processor of request |
|
| 956 ## - LOCAL ELECTRONIC LOCATION AND ACCESS (OCLC) |
| Host name |
VMATEO |
| Access number |
10 |
| Compression information |
20150903 |
| Logon |
BPMSU |
| Processor of request |
00151 |